[Event "Leon"]
[Site "Leon"]
[Date "1992.??.??"]
[Round "3"]
[White "Romero Holmes, Alfonso"]
[Black "Illescas Cordoba, Miguel"]
[Result "0-1"]
[WhiteElo "2490"]
[BlackElo "2555"]

1.e4 c5 2.Nf3 e6 3.d4 cxd4 4.Nxd4 Nc6 5.Nc3 Qc7 6.g3 a6 7.Bg2 Nf6 8.O-O d6
9.Re1 Rb8 10.b3 Be7 11.Nxc6 bxc6 12.Na4 O-O 13.c4 Nd7 14.f4 Bf6 15.Bb2 Bxb2
16.Nxb2 e5 17.f5 Bb7 18.Na4 Rfd8 19.Rc1 a5 20.g4 Nc5 21.g5 Nxa4 22.bxa4 Ba6
23.Kh1 f6 24.Qd2 c5 25.Rg1 fxg5 26.Bf3 Qf7 27.Rxg5 Rd7 28.Be2 Bb7 29.Bd3 d5
30.cxd5 Bxd5 31.Qc3 Qf6 32.Rg2 Bf7 33.Rcg1 Bh5 34.Bc4+ Kh8 35.Be6 Rd1 36.Rxd1 Bxd1
37.Rd2 Rb1 38.Kg2 Qg5+ 39.Kf2 Qf4+ 40.Kg2 Qxe4+  0-1

[Event "Linares NL"]
[Site "Linares"]
[Date "1992.??.??"]
[Round "?"]
[White "Martin del Campo, Roberto"]
[Black "Espinoza Flores, Rafael"]
[Result "1/2-1/2"]
[WhiteElo "2425"]
[BlackElo "2430"]

1.e4 c5 2.Nc3 Nc6 3.Nge2 e6 4.d4 cxd4 5.Nxd4 Nf6 6.Nxc6 bxc6 7.e5 Nd5 8.Ne4 f5
9.exf6 Nxf6 10.Nd6+ Bxd6 11.Qxd6 Qe7 12.Bf4 Qxd6 13.Bxd6 Ne4 14.Rd1 Nxd6
15.Rxd6 Ke7 16.Rd2 a5 17.Bd3 d5 18.O-O Ba6 19.Re1 Bxd3 20.Rxd3 Rhf8 21.Rg3 Rf7
22.Rge3 Rf6 23.Rb3 Ra7 24.f3 Rf8 25.Kf2 Kd6 26.Rbe3 Rf6 27.Rb3 Rf8 28.Rbe3  1/2-1/2

[Event "Linares"]
[Site "Linares"]
[Date "1992.??.??"]
[Round "10"]
[White "Kasparov, Gary"]
[Black "Illescas Cordoba, Miguel"]
[Result "1-0"]
[WhiteElo "2780"]
[BlackElo "2555"]

1.e4 c5 2.Nf3 e6 3.d4 cxd4 4.Nxd4 Nc6 5.Nc3 Nf6 6.Nxc6 bxc6 7.e5 Nd5 8.Ne4 Qc7
9.f4 Qb6 10.c4 Ne3 11.Qd3 Nf5 12.g4 Nd4 13.Bg2 h5 14.g5 Bb7 15.Be3 Nc2+ 16.Kf2 Nxe3
17.Qxe3 Qxb2+ 18.Kg3 Ba6 19.Rab1 h4+ 20.Kh3 Qc2 21.Rhc1 Qa4 22.Qc3 Ba3 23.Rc2 Be7
24.Rb3 O-O 25.Nf6+ gxf6 26.gxf6 Bc5 27.Be4 Rfb8 28.Kxh4 Kf8 29.Rg2 Qxc4 30.Qxc4 Bxc4
31.Bh7 Bf2+ 32.Kh5  1-0

[Event "Ljubljana Iskra"]
[Site "Ljubljana"]
[Date "1992.??.??"]
[Round "?"]
[White "Grosar, Aljosa"]
[Black "Gostisa, Leon"]
[Result "1/2-1/2"]
[WhiteElo "2455"]
[BlackElo "2430"]

1.e4 c5 2.Nf3 Nc6 3.Nc3 e6 4.d4 cxd4 5.Nxd4 Qc7 6.Be2 a6 7.O-O Nf6 8.Be3 Be7
9.f4 d6 10.Qe1 O-O 11.Qg3 Bd7 12.Rae1 Kh8 13.Kh1 b5 14.a3 Rab8 15.Bd3 b4
16.axb4 Nxb4 17.Be2 Bc8 18.e5 Nfd5 19.Nxd5 Nxd5 20.Bc1 dxe5 21.fxe5 Bc5 22.Bd3 f5
23.Nf3 Be7 24.c3 a5 25.Nd4 Rb6 26.Qf3 Bb7 27.Qh5 Qd8 28.Qd1 Nb4 29.cxb4 Qxd4
30.bxa5 Qd5 31.Qe2 Qxa5 32.Bd2 Bb4 33.Ra1 Qd5 34.Rad1 Bxd2 35.Rxd2 Qa5 36.Rfd1 h6
37.h3 Rb3 38.Kh2 Be4 39.Bxe4 Qxe5+ 40.Kh1 fxe4 41.Rd4 e3 42.Rd8 Rb8 43.R8d3 Rxb2
44.Qxe3 Re2 45.Qxe5 Rxe5 46.Rg3 Rff5 47.Rd7 Rg5 48.Rxg5 Rxg5 49.Re7 Rg6 50.Re8+ Kh7
51.g4 Rf6 52.Kg2 Kg6 53.Re7 Kh7 54.Re8 g5 55.Re7+ Kg8 56.Kg3 Kf8 57.Rh7 e5
58.Ra7 e4 59.Ra5 Ke7 60.Ra4 Rf4 61.Ra6 e3 62.Ra2 Kd6 63.Re2  1/2-1/2

[Event "Ljubljana op"]
[Site "Ljubljana"]
[Date "1992.??.??"]
[Round "7"]
[White "Podlesnik, Bogdan"]
[Black "Slibar, Matjaz"]
[Result "1-0"]
[WhiteElo "2370"]
[BlackElo "2225"]

1.e4 c5 2.Nf3 e6 3.d4 cxd4 4.Nxd4 Nc6 5.Nc3 Qc7 6.f4 a6 7.Be2 b5 8.Nxc6 Qxc6
9.Bf3 Bb7 10.Be3 Qc7 11.a3 Ne7 12.Qd2 Nc6 13.Rd1 Na5 14.Bb6  1-0

[Event "Lloyds Bank op"]
[Site "London"]
[Date "1992.??.??"]
[Round "?"]
[White "Mortazavi, Ali"]
[Black "Arkell, Keith C"]
[Result "0-1"]
[WhiteElo "2320"]
[BlackElo "2460"]

1.d4 c5 2.e4 cxd4 3.Nf3 e6 4.Nxd4 Nc6 5.Nc3 Qc7 6.Nb3 Nf6 7.f4 Bb4 8.Bd3 d5
9.e5 Nd7 10.O-O a6 11.Kh1 g6 12.Ne2 b6 13.Bd2 Be7 14.Ned4 Nxd4 15.Nxd4 Nc5
16.b4 Ne4 17.Bxe4 dxe4 18.Qe2 Bb7 19.c4 Rd8 20.Nc2 Rd3 21.Ne3 O-O 22.Rac1 Rfd8
23.Bc3 Qc6 24.Qf2 a5 25.a3 axb4 26.axb4 Ra8 27.Rc2 Ra3 28.Rfc1 Qa4 29.Qe1 Bxb4
30.Bxb4 Rxe3 31.Qh4 Qxb4 32.Qd8+ Qf8  0-1

[Event "ESP-ch"]
[Site "Madrid"]
[Date "1992.??.??"]
[Round "4"]
[White "Sanz Alonso, Francisco Javier"]
[Black "Fernandez Aguado, Enrique"]
[Result "1-0"]
[WhiteElo "2425"]
[BlackElo "2345"]

1.e4 c5 2.Nf3 e6 3.d4 cxd4 4.Nxd4 Nc6 5.Nc3 Qc7 6.f4 a6 7.Nf3 d6 8.Bd3 Be7
9.O-O b5 10.Kh1 Bb7 11.Qe1 b4 12.Na4 Nf6 13.Be3 O-O 14.Bb6 Qd7 15.Rd1 Nb8
16.b3 Bc6 17.Bd4 Bxa4 18.bxa4 Nc6 19.Bb2 Qc7 20.Qg3 Nh5 21.Qg4 g6 22.e5 Ng7
23.exd6 Bxd6 24.Ng5 Be7 25.Nxh7 Kxh7 26.Qh3+ Kg8 27.Qh6 e5 28.f5 gxf5 29.Rxf5 Qd6
30.Rf6 Nf5 31.Qg5+ Ng7 32.Qh4 Qxd3 33.Rxd3 Rfd8 34.Qf2 Rxd3 35.cxd3 Bxf6
36.Qxf6 Ne6 37.Bxe5 Nxe5 38.Qxe5 Rd8 39.Qg3+ Kf8 40.h4 a5 41.Kh2 Rd5 42.Qf3 Rd8
43.Qf5 Rd4 44.g3 Kg7 45.Qxa5 Rxd3 46.Qxb4 Nd4 47.a5  1-0

[Event "Malmo op"]
[Site "Malmo"]
[Date "1992.??.??"]
[Round "2"]
[White "Degerman, Lars"]
[Black "Eriksson, Anders"]
[Result "0-1"]
[WhiteElo "2420"]
[BlackElo "2270"]

1.e4 c5 2.Nf3 e6 3.d4 cxd4 4.Nxd4 Nc6 5.Nc3 a6 6.Be3 Nge7 7.Nb3 b5 8.Bd3 Ne5
9.a4 b4 10.a5 d5 11.Bb6 Qd7 12.Na4 Nxd3+ 13.cxd3 dxe4 14.Nac5 Qd5 15.dxe4 Qxd1+
16.Rxd1 Nc6 17.Nd4 Nxa5 18.Nf5 Nb7 19.Nxb7 Bxb7 20.Nd6+ Bxd6 21.Rxd6 Bxe4
22.O-O Bd5 23.Ra1 O-O 24.Ba5 Rfb8 25.f3 f6 26.Ra4 b3 27.Bc3 Rb7 28.Rdxa6 Rc8
29.Ra8 Rxa8 30.Rxa8+ Kf7 31.Kf2 h5 32.h4 Kg6 33.Ke3 Rc7 34.Rb8 Ra7 35.Rb4 Ra1
36.Rd4  0-1

[Event "Manila ol (Men)"]
[Site "Manila"]
[Date "1992.??.??"]
[Round "?"]
[White "Egger, Jorge"]
[Black "Garbett, Paul Anthony"]
[Result "1-0"]
[WhiteElo "2355"]
[BlackElo "2305"]

1.e4 c5 2.Nf3 e6 3.d4 cxd4 4.Nxd4 Nc6 5.Nc3 Qc7 6.Be3 a6 7.Bd3 Nf6 8.O-O Be7
9.Kh1 d6 10.f4 O-O 11.Qf3 Nb4 12.f5 exf5 13.Nxf5 Bxf5 14.Qxf5 Qc8 15.a3 Qxf5
16.Rxf5 Nc6 17.Bc4 Ng4 18.Bb6 Bd8 19.Bg1 Bf6 20.Rf4 Be5 21.Rxg4 Bxc3 22.bxc3 Ne5
23.Be2 Nxg4 24.Bxg4 Rfe8 25.Bf3 Re5 26.a4 Rc8 27.Bd4 Re7 28.Kg1 f6 29.a5 Kf8
30.Kf2 Rcc7 31.Ra4 Kf7 32.Rb4 g6 33.Rb6 Rc6 34.Rxc6 bxc6 35.Bb6 Re8 36.Ke3 Ke7
37.Kd4 h5 38.Be2 Ra8 39.h4 Ke6 40.Bc4+ Ke7 41.g3 Kf8 42.Bf1 Kf7 43.c4 Ke7
44.c5 f5 45.cxd6+ Kxd6 46.e5+ Kd7 47.Bc4 Rh8 48.e6+ Ke7 49.Ke5  1-0

[Event "Manila ol (Men)"]
[Site "Manila"]
[Date "1992.??.??"]
[Round "?"]
[White "Ernst, Thomas"]
[Black "Kouatly, Bachar"]
[Result "1/2-1/2"]
[WhiteElo "2535"]
[BlackElo "2515"]

1.e4 c5 2.Nf3 e6 3.d4 cxd4 4.Nxd4 Nc6 5.Nc3 d6 6.Be3 Be7 7.Bc4 Nf6 8.Qe2 e5
9.Nf5 Bxf5 10.exf5 Nd4 11.Bxd4 exd4 12.Bb5+ Kf8 13.Nd1 Qa5+ 14.c3 a6 15.Bd3 dxc3
16.Nxc3 Nd5 17.O-O Nxc3 18.bxc3 Qxc3 19.Qf3 d5 20.Rac1 Qe5 21.Rfe1 Qd6 22.Bc2 g6
23.Bb3 Rd8 24.Rcd1 Kg7 25.Bxd5 Qf6 26.fxg6 hxg6 27.Qxf6+ Bxf6 28.Bxb7 Rxd1
29.Rxd1 a5 30.g3 Rb8 31.Bd5 Rb4 32.Rc1 Rd4 33.Rc5 Bd8 34.Bc4 Rd2 35.Rc6 Rc2
36.h4 a4 37.Kg2 Kf8 38.Rc8 Ke7 39.g4 Bb6 40.h5 gxh5 41.gxh5  1/2-1/2

[Event "Manila ol (Men)"]
[Site "Manila"]
[Date "1992.??.??"]
[Round "?"]
[White "Fairclough, Neil"]
[Black "Al Modiahki, Mohamad"]
[Result "0-1"]
[WhiteElo "2220"]
[BlackElo "2290"]

1.e4 c5 2.Nf3 e6 3.d4 cxd4 4.Nxd4 Nc6 5.Nc3 Qc7 6.g3 a6 7.Bg2 d6 8.O-O Be7
9.Nde2 Nf6 10.h3 b5 11.a3 Rb8 12.g4 a5 13.g5 Nd7 14.Ng3 O-O 15.f4 b4 16.axb4 Nxb4
17.f5 d5 18.f6 Bc5+ 19.Kh2 Bd6 20.Ne2 Nxc2 21.fxg7 Re8 22.Nf4 Ba6 23.exd5 Bxf1
24.Be4 Bxf4 25.Bxf4 Qxf4 26.dxe6 Rxe6 27.Qxc2 Ba6 28.Ra4 Qe5 29.b3 Nc5 30.Rxa5 Rxb3
31.Qxc5 Qxg3+ 32.Kh1 Rb1+  0-1

[Event "Manila ol (Men)"]
[Site "Manila"]
[Date "1992.??.??"]
[Round "?"]
[White "Cochrane, John Miles"]
[Black "Al Modiahki, Mohamad"]
[Result "0-1"]
[WhiteElo "2205"]
[BlackElo "2290"]

1.e4 c5 2.Nf3 e6 3.d4 cxd4 4.Nxd4 Nc6 5.Nc3 Qc7 6.Be2 a6 7.a4 Nf6 8.O-O Nxd4
9.Qxd4 Bd6 10.g3 O-O 11.Be3 Be5 12.Qd3 Bxc3 13.bxc3 d5 14.exd5 Nxd5 15.Bd2 Bd7
16.c4 Ne7 17.Bb4 Bc6 18.Bd6 Qd7 19.Qa3 Rfe8 20.Rfd1 Ng6 21.Qc3 Qc8 22.a5 e5
23.c5 Qh3 24.Bf3 Nh4 25.Rd5 Bxd5 26.Bxd5 e4 27.Qxg7+ Kxg7 28.gxh4 Rad8 29.Rb1 Rxd6
30.cxd6 Kf6 31.Kh1 Qf3+  0-1

[Event "Manila ol (Men)"]
[Site "Manila"]
[Date "1992.??.??"]
[Round "?"]
[White "Garmendez, Florentino"]
[Black "Doghri, Nabil"]
[Result "0-1"]
[WhiteElo "2325"]
[BlackElo "2300"]

1.e4 c5 2.Nf3 e6 3.d4 cxd4 4.Nxd4 Nc6 5.Nc3 d6 6.Be3 Nf6 7.Be2 Be7 8.g4 d5
9.exd5 Nxd5 10.Nxd5 Qxd5 11.O-O O-O 12.Bf3 Qc4 13.b3 Qa6 14.Nxc6 bxc6 15.a4 e5
16.Be4 Be6 17.Qf3 Qc8 18.h3 h5 19.Bf5 hxg4 20.hxg4 g6 21.Bxe6 Qxe6 22.g5 e4
23.Qg2 Rfd8 24.Rae1 Rd5 25.Bf4 Qf5 26.Rxe4 Bxg5 27.Bg3 Rad8 28.Rc4 Rd1 29.Qxc6 Rxf1+
30.Kxf1 Qh3+ 31.Ke2 Qh5+  0-1

[Event "Manila ol (Women)"]
[Site "Manila"]
[Date "1992.??.??"]
[Round "?"]
[White "Yuni, L."]
[Black "Skuinia, Guna"]
[Result "1-0"]
[WhiteElo "2070"]
[BlackElo "2080"]

1.e4 c5 2.Nf3 e6 3.d4 cxd4 4.Nxd4 Nc6 5.Nc3 a6 6.g3 d6 7.Bg2 Bd7 8.O-O Rc8
9.Nce2 Nf6 10.c3 Be7 11.h3 O-O 12.Re1 Qc7 13.Nxc6 bxc6 14.Nf4 c5 15.c4 Bc6
16.b3 Qb7 17.Qe2 Rfe8 18.Bb2 Rcd8 19.Rad1 Nd7 20.Qg4 e5 21.Nd3 g6 22.Qe2 Nf8
23.f4 f6 24.Qf2 Ne6 25.Bc3 Ra8 26.Qd2 a5 27.Rb1 Qc7 28.f5 gxf5 29.exf5 Ng5
30.Re3 Qb7 31.Qe2 d5 32.cxd5 Bxd5 33.Bxd5+ Qxd5 34.h4 Nf7 35.Nf2 Nd6 36.Qg4+ Kh8
37.Rd1 Qf7 38.Ne4 Nxe4 39.Rxe4 Red8 40.Kh2 Rxd1 41.Qxd1 a4 42.Kh3 axb3 43.axb3 Rd8
44.Qc2 Qd5 45.Be1 Qd3 46.Qxd3 Rxd3 47.b4 Rd4 48.Rxd4 cxd4 49.Kg4 Kg7 50.Kf3 Kf7
51.g4 Ke8 52.Bd2 Kd7 53.g5 Kc8 54.Ke4 Bd6 55.Kd5 Bb8 56.b5 Bc7 57.Ke6  1-0

[Event "Manila ol (Women)"]
[Site "Manila"]
[Date "1992.??.??"]
[Round "?"]
[White "Wang Pin"]
[Black "Tazhieva, Lyazzat"]
[Result "0-1"]
[WhiteElo "2345"]
[BlackElo "2190"]

1.e4 c5 2.Nf3 Nc6 3.d4 cxd4 4.Nxd4 e6 5.Nc3 d6 6.Be3 Nf6 7.Be2 Be7 8.O-O O-O
9.f4 e5 10.Nb3 exf4 11.Bxf4 Be6 12.Kh1 d5 13.e5 Nd7 14.Bd3 Ndxe5 15.Bxe5 Nxe5
16.Bxh7+ Kxh7 17.Qh5+ Kg8 18.Qxe5 Bf6 19.Qg3 Rc8 20.Rf3 d4 21.Ne4 Bh4 22.Qe5 Qd5
23.Qf4 Be7 24.Raf1 Rxc2 25.Rg3 f6 26.Rxg7+ Kxg7 27.Qg3+ Kh6 28.Qf4+ Qg5 29.Qf3 Qxg2+
30.Qxg2 Rxg2  0-1

[Event "Manila ol (Women)"]
[Site "Manila"]
[Date "1992.??.??"]
[Round "?"]
[White "Tagnon, Nicole"]
[Black "Burijovich, Liliana"]
[Result "0-1"]
[WhiteElo "2120"]
[BlackElo "2190"]

1.e4 c5 2.Nf3 e6 3.d4 cxd4 4.Nxd4 Nc6 5.Nc3 a6 6.Be2 Qc7 7.O-O Nf6 8.Kh1 Nxd4
9.Qxd4 Bc5 10.Qd3 b5 11.f4 Bb7 12.Bf3 h5 13.e5 Ng4 14.Bxb7 Qxb7 15.Ne4 Qc6
16.Bd2 Ke7 17.a3 a5 18.b4 Bb6 19.Rac1 f5 20.exf6+ Nxf6 21.Ng5 Ng4 22.c4 bxc4
23.Rxc4 Qb5 24.a4 Qd5 25.Qc3 Rhg8 26.h3 Nf6 27.Qc2 g6 28.Rd1 Qf5 29.Qxf5 gxf5
30.b5 Nd5 31.Rdc1 Bf2 32.Be1 Be3 33.R1c2 Bxf4 34.Nf3 Ne3 35.Bh4+ Kf7 36.Rxf4 Nxc2
37.Ne5+ Ke8 38.Rc4 Ne3 39.Rc7 Rg7  0-1

[Event "Manila ol (Men)"]
[Site "Manila"]
[Date "1992.??.??"]
[Round "?"]
[White "Hamid, Rani"]
[Black "Rayner, Francis"]
[Result "1/2-1/2"]
[WhiteElo "2105"]
[BlackElo "2270"]

1.e4 c5 2.Nf3 e6 3.d4 cxd4 4.Nxd4 Nc6 5.Nc3 Qc7 6.Be2 a6 7.O-O Nf6 8.Kh1 Bc5
9.f3 O-O 10.Bg5 Be7 11.f4 d6 12.Nxc6 bxc6 13.Qe1 Rb8 14.b3 Ne8 15.Bxe7 Qxe7
16.Rd1 e5 17.f5 Bb7 18.Rd3 Rd8 19.Qd2 Nf6 20.Qg5 h6 21.Qh4 d5 22.Rg3 Kh7
23.Rff3 Rfe8 24.Rh3 Nxe4 25.Nxe4 Qxh4 26.Rxh4 dxe4 27.Rc3 Rd4 28.Kg1 Red8
29.Rhh3 R8d6 30.Rhe3 g6 31.Bg4 Rf6 32.fxg6+ Kxg6 33.Rc5 Kg7 34.Be2 Kf8 35.g4 Ke7
36.c3 Kd6 37.b4 Rd2 38.Rxe4 Kc7 39.Re3 Rf4 40.Rexe5  1/2-1/2

[Event "Manila ol (Women)"]
[Site "Manila"]
[Date "1992.??.??"]
[Round "?"]
[White "Repkova Eid, Eva"]
[Black "Burijovich, Liliana"]
[Result "1-0"]
[WhiteElo "2185"]
[BlackElo "2190"]

1.e4 c5 2.Nf3 e6 3.d4 cxd4 4.Nxd4 Nc6 5.Nc3 Qc7 6.f4 a6 7.Nxc6 bxc6 8.e5 d5
9.exd6 Bxd6 10.Ne4 Be7 11.Bd3 Nf6 12.O-O O-O 13.Qe2 Bb7 14.Bd2 c5 15.Ng5 h6
16.Nf3 Rfd8 17.Ne5 Nd7 18.Qh5 Rf8 19.Rae1 Nf6 20.Qe2 a5 21.c4 a4 22.Bc3 Ra6
23.Bb1 Rd8 24.Qc2 Kf8 25.Re3 Ba8 26.Nxf7 Kxf7 27.Qg6+ Kf8 28.Rg3 Ne8 29.Bxg7+ Nxg7
30.Qxg7+ Ke8 31.f5 exf5 32.Bxf5 Rf6 33.Qg8+ Rf8 34.Qg6+ Rf7 35.Be6 Bf6 36.Bxf7+ Qxf7
37.Re3+ Kf8 38.Rxf6  1-0

[Event "Manila ol (Women)"]
[Site "Manila"]
[Date "1992.??.??"]
[Round "?"]
[White "Hund, Barbara"]
[Black "Burijovich, Liliana"]
[Result "1/2-1/2"]
[WhiteElo "2300"]
[BlackElo "2190"]

1.e4 c5 2.Nf3 e6 3.d4 cxd4 4.Nxd4 Nc6 5.Nc3 a6 6.Be2 Qc7 7.O-O Nf6 8.Kh1 Nxd4
9.Qxd4 Bc5 10.Qd3 h5 11.f4 Ng4 12.e5 d6 13.exd6 Qxd6 14.Qxd6 Bxd6 15.Ne4 Be7
16.Bf3 Bd7 17.c4 Rc8 18.Bd2 Rxc4 19.Rac1 Rxc1 20.Rxc1 Bc6 21.Nc5 Bxf3 22.gxf3 Nf6
23.Nxb7 Kd7 24.Nc5+ Bxc5 25.Rxc5 Nd5 26.f5 Rb8 27.fxe6+ Kxe6 28.b3 Kd6 29.Ra5 Rb6
30.Kg2 g6 31.Kf2 Ne7 32.Bf4+ Ke6 33.Re5+ Kd7 34.Be3 Rc6 35.Bc5 Nf5 36.b4 Re6
37.Rxe6 Kxe6 38.Ke2 Kd5 39.Kd3 Nh4 40.Ke3 Ng2+ 41.Kd3 Nf4+  1/2-1/2

[Event "Manila ol (Women)"]
[Site "Manila"]
[Date "1992.??.??"]
[Round "?"]
[White "Agababian, Naira"]
[Black "Giaidzi, Aspasia"]
[Result "1-0"]
[WhiteElo "2125"]
[BlackElo "2060"]

1.e4 c5 2.Nf3 Nc6 3.Nc3 e6 4.d4 cxd4 5.Nxd4 Nf6 6.Bg5 Bb4 7.Nb5 Qa5 8.Bxf6 gxf6
9.a3 Bxc3+ 10.Nxc3 a6 11.Qd2 b5 12.Be2 b4 13.Nd1 Qe5 14.Bd3 Qd4 15.O-O Ne5
16.axb4 Bb7 17.Qc3 Qb6 18.Qc5 Qxc5 19.bxc5 a5 20.Nc3 Ke7 21.f4 Ng6 22.Nb5 Rhg8
23.Nd6 Bc6 24.b3 f5 25.g3 Nh4 26.Kf2 fxe4 27.Bxe4 Bxe4 28.Nxe4 Nf5 29.Ra4 Rgc8
30.Rd1 Nh6 31.Rc4 Rc7 32.Nd6 Ra6 33.Kf3 Rac6 34.Nb5 Rb7 35.Nd4 Rc8 36.c6 dxc6
37.Nxc6+ Ke8 38.Nxa5 Rxc4 39.Nxc4 Ra7 40.Nd6+ Kf8 41.c4 Ra2 42.h4 f5 43.Ke3 Ng4+
44.Kd4 Nf2 45.Rg1 Rd2+ 46.Kc5 Nd3+ 47.Kc6 Rb2 48.g4 Rxb3 49.gxf5 exf5 50.Rg5 Ke7
51.Nxf5+ Kf6 52.Nd6 Ke6 53.Ne4 Nb4+ 54.Kc5 Na6+ 55.Kd4 Rf3 56.Ra5 Nb4 57.Ng5+ Kf6
58.Nxf3 Nc6+ 59.Kd5 Nxa5 60.Nd4  1-0

[Event "Manila ol (Women)"]
[Site "Manila"]
[Date "1992.??.??"]
[Round "?"]
[White "Abbou, Meriem"]
[Black "Sziva, Erika"]
[Result "0-1"]
[WhiteElo "2005"]
[BlackElo "2245"]

1.e4 c5 2.Nf3 e6 3.d4 cxd4 4.Nxd4 Nc6 5.Nc3 Qc7 6.Be3 a6 7.Be2 b5 8.a3 Bb7
9.f3 Rc8 10.O-O Nf6 11.Rc1 Nxd4 12.Bxd4 Bd6 13.g3 O-O 14.Qd2 Rfd8 15.Rfd1 Be7
16.Na2 e5 17.Bf2 d5 18.exd5 Bxd5 19.c4 Bxc4 20.Qe1 Rxd1 21.Qxd1 Bc5 22.Bxc4 Bxf2+
23.Kxf2 bxc4 24.Qe2 h6 25.Nc3 Rd8 26.Na4 Rd4 27.Kf1 Qd6 28.Re1 Rd2 29.Qxc4 Qd7
30.Qxa6 Qh3+  0-1

[Event "Manila ol (Men)"]
[Site "Manila"]
[Date "1992.??.??"]
[Round "?"]
[White "Zagrebelny, Sergey"]
[Black "Horvath, Jozsef"]
[Result "1/2-1/2"]
[WhiteElo "2440"]
[BlackElo "2480"]

1.e4 c5 2.Nf3 e6 3.d4 cxd4 4.Nxd4 Nc6 5.Nc3 Qc7 6.g3 a6 7.Bg2 Nf6 8.O-O Be7
9.Be3 O-O 10.Qe2 Rb8 11.Rad1 d6 12.f4 Bd7 13.Nb3 b5 14.e5 dxe5 15.fxe5 Nxe5
16.Bf4 Qa7+ 17.Kh1 Nc4 18.Bxb8 Rxb8 19.Ne4 Nd5 20.Qf2 Qxf2 21.Rxf2 Nxb2 22.Rb1 Na4
23.g4 Rc8 24.Ng3 Nac3 25.Rbf1 Be8 26.Ne4 Ne3 27.Nxc3 Rxc3 28.Rb1 Nxg4 29.Rd2 h5
30.h3 Ne5 31.Nd4 Ra3 32.Re2 Bf6 33.Rbe1 Ng6 34.Re4 Rxa2 35.Bf3 h4 36.Bh5 Ne7
37.Kg1 e5 38.Nf3 Bc6 39.Nxe5 Bd5 40.R4e2 Nf5 41.c4 Rxe2 42.Bxe2 Be6 43.Bd3 Nd4
44.Kf2 Bxe5 45.Rxe5 bxc4 46.Bxc4 Bxc4 47.Re8+ Kh7 48.Re4 g5 49.Rxd4 Bb5 50.Rd6 Kg7
51.Kg1 f6 52.Kh2 Kg6 53.Rd5 Kf7 54.Rd6 Ke7 55.Rb6 Bf1 56.Rc6 Bd3 57.Rb6 Bb5
58.Kg2 Kf7 59.Kh2 Kg6 60.Rb7 Kf5 61.Re7 Bf1 62.Re1 Bc4 63.Re8 Kf4 64.Rf8 f5
65.Kg1 Ke4 66.Kf2 g4 67.hxg4 fxg4 68.Rh8 h3 69.Kg3 Be2 70.Rd8 Ke3 71.Rd7 Bd3
72.Rd8 Be2 73.Rd7 Bd3 74.Rd8 Bf1 75.Re8+ Kd2 76.Kxg4 Bg2 77.Kg3 Kc3 78.Rc8+ Kb4
79.Rb8+ Kc5 80.Rc8+ Kb6 81.Rb8+ Kc5 82.Rc8+ Kb4 83.Rc1 a5 84.Rb1+ Kc3 85.Ra1 Kb4  1/2-1/2

[Event "Manila ol (Men)"]
[Site "Manila"]
[Date "1992.??.??"]
[Round "?"]
[White "Yang Xian"]
[Black "Al Modiahki, Mohamad"]
[Result "1/2-1/2"]
[WhiteElo "2385"]
[BlackElo "2290"]

1.e4 c5 2.Nf3 e6 3.d4 cxd4 4.Nxd4 Nc6 5.Nc3 Qc7 6.Be2 a6 7.O-O Nf6 8.Kh1 Nxd4
9.Qxd4 Bc5 10.Qd3 h5 11.f4 Ng4 12.Bxg4 hxg4 13.Be3 Bxe3 14.Qxe3 b5 15.Qd4 Bb7
16.a4 O-O 17.f5 f6 18.Rad1 Rfd8 19.axb5 axb5 20.Nxb5 Qxc2 21.Nd6 Bc6 22.Rc1 Qa4
23.Rc4 Qa6 24.Rfc1 Bd5 25.exd5 Qxd6 26.dxe6 Qxd4 27.Rxd4 dxe6 28.Rxd8+ Rxd8
29.fxe6 Kf8 30.Kg1 Ke7 31.Rc7+ Kxe6 32.Rxg7 f5 33.Rb7 f4 34.Rb4 Kf5 35.Rb7 Rd1+
36.Kf2 Rd2+ 37.Kf1 Rd1+ 38.Ke2 Rh1 39.Rf7+ Ke4 40.Re7+ Kf5  1/2-1/2

[Event "Manila ol (Men)"]
[Site "Manila"]
[Date "1992.??.??"]
[Round "?"]
[White "Kotronias, Vasilios"]
[Black "Zapata, Alonso"]
[Result "0-1"]
[WhiteElo "2560"]
[BlackElo "2515"]

1.e4 c5 2.Nf3 e6 3.d4 cxd4 4.Nxd4 Nc6 5.Nc3 a6 6.Nxc6 bxc6 7.Bd3 Nf6 8.O-O e5
9.Qe2 Be7 10.f4 d6 11.Kh1 O-O 12.fxe5 dxe5 13.Be3 Bg4 14.Qe1 Bh5 15.Na4 Nd7
16.Qc3 Qc7 17.Rf2 Kh8 18.a3 a5 19.b3 Rab8 20.Nb2 f6 21.Nc4 Rb5 22.Nd2 Rb7
23.g3 Ra8 24.Kg2 Nf8 25.Nf3 Ne6 26.Nh4 a4 27.b4 c5 28.Nf5 Bf8 29.b5 Nd4 30.Rb1 Rab8
31.Bc4 Nxb5 32.Rxb5 Rxb5 33.Bxb5 Rxb5 34.Qc4 Ra5 35.Bd2 Ra8 36.Ne3 Bf7 37.Nd5 Qc6
38.Bc3 Rd8 39.Rd2 f5 40.Kg1 fxe4 41.Nb4 Qf6 42.Nd5 Rxd5  0-1

[Event "Manila ol (Men)"]
[Site "Manila"]
[Date "1992.??.??"]
[Round "?"]
[White "Vouldis, Angelos"]
[Black "Annakov, Babakuli"]
[Result "0-1"]
[WhiteElo "2230"]
[BlackElo "2365"]

1.e4 c5 2.Nf3 e6 3.Nc3 Nc6 4.d4 cxd4 5.Nxd4 Nf6 6.Ndb5 Bb4 7.a3 Bxc3+ 8.Nxc3 O-O
9.Qd6 Ne8 10.Qd3 b6 11.Bf4 e5 12.Be3 d6 13.O-O-O Be6 14.f4 exf4 15.Bxf4 Ne5
16.Qg3 f6 17.Be2 Qe7 18.Rd4 Nc7 19.Rhd1 Rfd8 20.Qe3 Ne8 21.Nd5 Qf7 22.h3 Rac8
23.g4 h6 24.Qg3 Nc7 25.Nc3 Qe7 26.Kb1 Bf7 27.R4d2 a6 28.h4 g5 29.Be3 b5 30.Bb6 Kg7
31.Nd5 Bxd5 32.exd5 Rf8 33.Qe3 Qf7 34.Qe4 Qg6 35.Qd4 Na8 36.h5 Qf7 37.Ba5 Rfe8
38.Bc3 Rc5 39.Bb4 Rcc8 40.Bxd6 Nc4 41.Bh2 Nxd2+ 42.Rxd2 Rcd8 43.d6 Qb7 44.Qd3 Qe4
45.d7 Re7 46.Qxe4 Rxe4 47.Bf3 Re1+ 48.Ka2 Nb6 49.Bc6 Re7 50.Bc7 Rdxd7 51.Bxd7 Rxd7
52.Rxd7+ Nxd7 53.Kb3 f5 54.gxf5 Nf6 55.Be5 Kf7 56.Kb4 Nxh5 57.Ka5 Nf4 58.Kxa6 h5
59.Kxb5 h4 60.Bd4 h3 61.Bg1 Ne2 62.Bh2 g4  0-1

[Event "Manila ol (Men)"]
[Site "Manila"]
[Date "1992.??.??"]
[Round "?"]
[White "Thipsay, Praveen Mahadeo"]
[Black "Enhbat, Tegshsuren"]
[Result "1-0"]
[WhiteElo "2485"]
[BlackElo "2205"]

1.e4 c5 2.Nf3 e6 3.d4 cxd4 4.Nxd4 Nc6 5.Nc3 Qc7 6.Be2 a6 7.O-O Nf6 8.Be3 Be7
9.f4 d6 10.Qe1 O-O 11.Qg3 Nxd4 12.Bxd4 b5 13.a3 Bb7 14.Rae1 Rad8 15.Kh1 Bc6
16.Bd3 Kh8 17.e5 dxe5 18.Bxe5 Qb7 19.Ne4 Ne8 20.Ng5 h6 21.Nf3 Bf6 22.f5 exf5
23.Bxf5 Bxf3 24.Rxf3 Bxe5 25.Qxe5 Nd6 26.Bd3 Rfe8 27.Qg3 Rxe1+ 28.Qxe1 Re8
29.Re3 Qd7 30.Rxe8+ Nxe8 31.Qe4 g6 32.h3 Kg7 33.Qe5+ Kg8 34.Kg1 Nc7 35.Kf2 Qc6
36.Be4 Qb6+ 37.Ke2 Ne6 38.c3 Qd8 39.g3 Qd7 40.h4 h5 41.b4 Nc7 42.Bb7 Kf8
43.Qf6 Ne6 44.Bc8 Qc6 45.Bxe6  1-0

[Event "Manila ol (Men)"]
[Site "Manila"]
[Date "1992.??.??"]
[Round "?"]
[White "Stefansson, Hannes"]
[Black "Franzoni, Giancarlo"]
[Result "1-0"]
[WhiteElo "2455"]
[BlackElo "2440"]

1.e4 c5 2.Nf3 e6 3.d4 cxd4 4.Nxd4 Nc6 5.Nc3 Qc7 6.Be2 a6 7.O-O Nf6 8.Be3 Bb4
9.Na4 Be7 10.Nxc6 bxc6 11.Bd3 c5 12.c4 Bb7 13.Nc3 O-O 14.f4 d6 15.Qf3 Rfe8
16.Qh3 d5 17.e5 Ne4 18.cxd5 exd5 19.Nxe4 dxe4 20.Bc4 Bc8 21.Qh5 Be6 22.Bxe6 fxe6
23.Qe2 Qc6 24.Rac1 Red8 25.Rc4 Qd5 26.Bc1 Rab8 27.Qxe4 Rb4 28.Qxd5 Rxd5 29.Rc2 Re4
30.Kf2 Kf7 31.Kf3 Red4 32.Be3 Rd3 33.Ke4 h5 34.g3 Ke8 35.Rfc1 g5 36.Rc3 Rxc3
37.Rxc3 gxf4 38.gxf4 Rd1 39.Rc1 Rd7 40.b3 Kf7 41.h3 a5 42.Bxc5 Rd2 43.Bxe7 Kxe7
44.Rc7+ Kd8 45.Rc6 Ke7 46.a4 Rh2 47.Rc7+ Ke8 48.Rc3 Kf7 49.Kd4 Kg6 50.Kc4 Kf5
51.Kb5 Kxf4 52.Kxa5 Kxe5 53.b4 Rb2 54.b5 Kd4 55.Rc8 e5 56.b6 e4 57.Ka6 e3
58.b7 e2 59.Re8 Kd3 60.a5  1-0

[Event "Manila ol (Men)"]
[Site "Manila"]
[Date "1992.??.??"]
[Round "?"]
[White "Istratescu, Andrei"]
[Black "Podlesnik, Bogdan"]
[Result "1-0"]
[WhiteElo "2430"]
[BlackElo "2370"]

1.e4 c5 2.Nf3 Nc6 3.Nc3 e6 4.d4 cxd4 5.Nxd4 Nf6 6.Nxc6 bxc6 7.e5 Nd5 8.Ne4 Qc7
9.f4 Qb6 10.c4 Bb4+ 11.Ke2 f5 12.exf6 Nxf6 13.Be3 Qa5 14.Nxf6+ gxf6 15.Kf2 Ke7
16.Qd4 d6 17.Be2 Bc5 18.Qd3 Qb6 19.Rhd1 Rb8 20.Rab1 Bxe3+ 21.Qxe3 Qxe3+ 22.Kxe3 a5
23.Rd3 e5 24.Ra3 Bf5 25.Rf1 Be6 26.fxe5 fxe5 27.Rxa5 Rxb2 28.Ra7+ Bd7 29.Bh5 Kd8
30.Ra8+ Bc8 31.Bg4 Kc7 32.Rf7+ Kb6 33.Rxc8 Rxc8 34.Bxc8 Rxg2 35.Rxh7 Rxa2
36.h4 Kc5 37.Be6 Rh2 38.h5 d5 39.cxd5 cxd5 40.h6 Kd6 41.Bf5 e4 42.Kf4 Rf2+
43.Kg5 e3 44.Rd7+ Kc6 45.h7 Rh2 46.Rd8 e2 47.Re8  1-0

[Event "Mar del Plata op"]
[Site "Mar del Plata"]
[Date "1992.??.??"]
[Round "7"]
[White "Vasta, Eduardo"]
[Black "Bronstein, Luis"]
[Result "1/2-1/2"]
[WhiteElo "2390"]
[BlackElo "2365"]

1.e4 c5 2.Nf3 e6 3.d4 cxd4 4.Nxd4 Nc6 5.Nc3 Qc7 6.Be3 a6 7.Bd3 Nf6 8.O-O Bd6
9.h3 Bf4 10.Qd2 Bxe3 11.Qxe3 Qb6 12.Nf5 Qxe3 13.Nxe3 b5 14.Rfd1 Bb7 15.f3 Ke7
16.Rd2 g5 17.Re1 Ne5 18.a4 b4 19.Na2 a5 20.Nc4 Nxc4 21.Bxc4 Rhc8 22.Bb3 Rab8
23.Nc1 d6 24.e5 Nd5 25.exd6+ Kxd6 26.Ne2 Ke7 27.Nd4 Kf6 28.Nb5 Rd8  1/2-1/2

[Event "Mar del Plata op"]
[Site "Mar del Plata"]
[Date "1992.??.??"]
[Round "8"]
[White "Matsuura, Everaldo"]
[Black "Burijovich, Liliana"]
[Result "0-1"]
[WhiteElo "2350"]
[BlackElo "2190"]

1.e4 c5 2.Nf3 e6 3.d4 cxd4 4.Nxd4 Nc6 5.Nc3 Qc7 6.Be2 a6 7.O-O Nf6 8.Be3 Bb4
9.Na4 O-O 10.c4 Bd6 11.Nxc6 bxc6 12.Bb6 Qb8 13.Qd3 Bxh2+ 14.Kh1 Bc7 15.Bd4 e5
16.Bc3 d5 17.cxd5 cxd5 18.exd5 Rd8 19.Bf3 Bb7 20.Nc5 Bxd5 21.Qf5 Qb5 22.Ne4 Nxe4
23.Bxe4 g6 24.Qf3 Bxe4 25.Qxe4 Qd5 26.Qh4 Bb6 27.f4 Bd4 28.f5 Bxc3 29.bxc3 Rd6
30.f6 Qc6 31.Rf3 e4 32.Rh3 h5 33.Rf1 Rd3 34.Rxd3 exd3 35.Qf4 Kh7 36.Qd4 Rb8
37.Qxd3 Rb2 38.Qg3 Rxa2 39.Re1 Qxf6 40.Qe3 Qf2 41.Qxf2 Rxf2 42.Ra1 Rf6 43.Kh2 Rc6
44.Ra3 g5 45.Kg3 Kg6 46.Kf3 f5 47.Ke3 h4 48.Kd4 g4 49.c4 f4 50.c5 f3 51.gxf3 g3
52.Ke3 h3  0-1